Reglamento de la Cámara de Diputados con las reformas introducidas hasta el 1§ de junio de 1912. Leyes complementarias

Guardat en:
Dades bibliogràfiques
Autor principal: Valenzuela Castillo, Manuel (Autor)
Format: Llibre
Idioma:espanyol
Publicat: Valparaíso Universo 1912
Matèries:
Etiquetes: Afegir etiqueta
Sense etiquetes, Sigues el primer a etiquetar aquest registre!

MARC

LEADER 00000nam a2200000 a 4500
001 UCR4433
003 CL-VaPUC
008 980307e19120000CL |||||||||||||||||spa|d
082 0 4 |a 328.1  |b VAL  |2 21 
100 0 |a Valenzuela Castillo, Manuel  |e author  |9 404512 
245 1 0 |a Reglamento de la Cámara de Diputados con las reformas introducidas hasta el 1§ de junio de 1912. Leyes complementarias 
300 |a 64 p 
942 |c BK 
945 |d 19980307 00:00:00  |a aolguin 
260 |a Valparaíso  |b Universo  |c 1912 
650 7 |a CAMARA DE DIPUTADOS  |2 CL-VaPUC  |9 389894 
650 7 |a REGLAMENTOS  |2 CL-VaPUC  |9 259254 
650 7 |a SESIONES PARLAMENTARIAS  |2 CL-VaPUC  |9 404513 
650 7 |a PRESIDENTE  |2 CL-VaPUC  |9 370857 
650 7 |a COMISIONES PARLAMENTARIAS  |2 CL-VaPUC  |9 404514 
650 7 |a DISCUCIONES  |2 CL-VaPUC  |9 404515 
650 0 |a Votación  |9 376129 
650 7 |a SECRETARIA  |2 CL-VaPUC  |9 404516 
651 7 |a CHILE  |2 CL-VaPUC  |9 404517 
583 |a last modification  |c 19980307 00:00:00  |k Rodrigo Vera 
999 |c 267375  |d 267373 
952 |0 0  |1 0  |4 0  |6 328_100000000000000_VAL_1912  |7 0  |8 X  |9 299659  |a BIBDER  |b BIBDER  |d 2019-11-20  |i 1956833  |o 328.1 VAL 1912  |p 1956833  |r 2023-01-25  |w 2019-11-20  |y BK_X  |k DER